| 000 | 01029cam a22002897a 4500 | ||
|---|---|---|---|
| 003 | EG-ScBUE | ||
| 005 | 20220202105515.0 | ||
| 008 | 090105s2005 ii f b 000 f eng d | ||
| 020 | _a8175811374 | ||
| 040 |
_aEG-ScBUE _beng _erda _cEG-ScBUE _dEG-ScBUE |
||
| 082 | 0 | 4 |
_a823.03 _222 _bHAR |
| 100 | 1 |
_aHardy, Thomas _923606 _d1840-1928, _eauthor. |
|
| 245 | 1 | 4 |
_aThe Mayor of Casterbridge : _ba critical study / _cThomas Hardy, Ramji Lall, M.A. formerly principal, Dyal Singh College, University of Delhi. |
| 250 | _aTwenty-third edition. | ||
| 264 | 1 |
_aNew Delhi : _bRama Brothers India, _c2005. |
|
| 300 |
_ax, 217 pages ; _c22 cm |
||
| 336 |
_2rdacontent _atext _btxt |
||
| 337 |
_2rdamedia _aunmediated _bn |
||
| 338 |
_2rdacarrier _avolume _bnc |
||
| 504 | _aIncludes bibliographical references. | ||
| 650 | 7 |
_aEnglish fiction _99886 _y20th century. _2BUEsh |
|
| 651 | _2BUEsh | ||
| 653 |
_cDecember2013 _bHHUUEENN |
||
| 655 |
_vReading book _934232 |
||
| 700 | 1 |
_910945 _aLall, Ramji, _eauthor. |
|
| 942 |
_2ddc _cBB _k823.03 HAR |
||
| 999 |
_c17885 _d17857 |
||